000 00925cam a22002897a 4500
003 CHAP
005 20220817042331.0
008 971013c19761969 r 00010 d
010 _a41224
011 _a42196
035 _a46324
040 _cCHAP
082 _a331
_bM3Y
100 0 0 _aEngels, Friedrich.
_936962
245 1 3 _aEl sistema del trabajo asalariado
260 _aMéxico, D. F. :
_bCultura Popular,
_c1976 (c.1969)
300 _app. 115-166
501 _aEnc. con otros impresos similares
590 _aBATCH-UPD
_b10
_c20130110
_lUCH01
_h1855
590 _aCONVERSION
_b10
_c20130109
_lUCH01
_h1323
650 1 4 _aTrabajo y trabajadores.
901 _aBK
942 _cLIBRO
949 _a331 M3Y
_bBC
_cLIBRO
_d-105659
_eLIBRO
_h49756
_i46324
_si
_t32.00
949 _a331 M3Y
_bBC
_cLIBRO
_d-105660
_eLIBRO
_fc.2
_h49757
_i46324
_si
_t32.00
949 _a331 M3Y
_bBC
_cLIBRO
_d-105661
_eLIBRO
_fc.3
_h49758
_i46324
_si
_t32.00
999 _c41224
_d41224